000 00461nam a2200193Ia 4500
008 210210b1971 xxu||||| |||| 00| 0 eng d
082 _a621.3841 PRUR
100 _aPRUSLIN (Z M)
245 _aRadio engineering and electronics.
260 _aMoscow.
_bMir Publishers,
_c1971
300 _a464
650 _aRadio
650 _aengineering
650 _aelectronics.
650 _aand
690 _aRadio
700 _aSMIRNOVA (M A).
906 _a039513
999 _c89473
_d89473